New deal programs - Statistics

General Stats
  • This quiz has been taken 5 times
    4 since last reset
  • The average score is 18 of 28
Answer Stats
Hint Answer % Correct
This program aimed to help farmers during the great depression and helped to deflate crop prices. AAA
100%
This program created jobs surrounding the environment. CCC
100%
This program was designed to provide jobs immediately and focused on infrastructure related jobs.(November 1933) CWA
100%
Created unskilled construction jobs to help build up the community. FERA
100%
This program hired people to build houses and reduce the housing crisis. FHA
100%
Provided loans to farmers to help get them back to farming and stimulate the market. FSA
100%
provided long term loans for homes - basis for mortgages. HOLC
100%
Established minimum wages and max work hours as well as legalizing collective bargaining. NRA
100%
meant to control floods,improve rivers, and reforestation in the south. TVA
100%
this program created jobs infrastructure related and also provided art related jobs.(second new deal) WPA
100%
Provided part time jobs and vocational training in trades. NYA
75%
PWA Public Works Administration
75%
Created jobs to young men to build infrastructure like bridges, schools,dams, and hospitals.(June 1933) PWA
75%
this program increased the standard of living - rather unimportant. REA
75%
created government funds to disabled, old, impoverished, and unemployed people. SSA
75%
TVA Tennessee Valley Authority
75%
AAA Agricultural Adjustment Administration
50%
CCC Civilian Conservation Corps
50%
FHA Federal Housing Administration
50%
NYA National Youth Administration
50%
SSA Social Security Administration
50%
CWA Civil Works Administration
25%
FERA Federal Emergency Relief Administration
25%
NRA National Recovery Administration
25%
WPA Work Projects Administration
25%
FSA Farm Security Administration
0%
HOLC Home Owners Loan Corporation
0%
REA Rural Electrification Administration
0%
No matching quizzes found
Score Distribution
Percent of People with Each Score
Percentile by Number Answered
Your Score History
You have not taken this quiz since the last reset